|
|
|
|
| LEADER |
00000nam0a2200000 4500 |
| 001 |
2404 |
| 005 |
20231101204241.0 |
| 010 |
|
|
|a 5700101599
|
| 035 |
|
|
|a (RuTPU)RU\TPU\book\2414
|
| 035 |
|
|
|a BOOK00002419
|
| 090 |
|
|
|a 2404
|
| 100 |
|
|
|a 20011209d1996 m y0rusy50 ca
|
| 101 |
0 |
|
|a rus
|
| 102 |
|
|
|a RU
|
| 105 |
|
|
|a a z 000aa
|
| 200 |
1 |
|
|a Аплодисменты
|f Л. М. Гурченко
|
| 210 |
|
|
|a Москва
|c Центрполиграф
|d 1996
|
| 215 |
|
|
|a 559 с.
|c ил.
|
| 600 |
|
1 |
|a Гурченко
|b Л. М.
|c российская киноактриса
|c народная артистка СССР
|f 1935-
|g Людмила Марковна
|2 stltpush
|3 (RuTPU)RU\TPU\pers\18638
|9 6938
|
| 610 |
1 |
|
|a автобиографии
|
| 675 |
|
|
|a Р2
|v 3
|
| 675 |
|
|
|a 791.44.071
|v 3
|
| 700 |
|
1 |
|a Гурченко
|b Л. М.
|c российская киноактриса
|c народная артистка СССР
|f 1935-
|g Людмила Марковна
|2 stltpush
|3 (RuTPU)RU\TPU\pers\18638
|9 6938
|
| 801 |
|
0 |
|a RU
|b 63413507
|c 20011209
|g PSBO
|
| 801 |
|
2 |
|a RU
|b 63413507
|c 20061212
|g PSBO
|
| 942 |
|
|
|c BK
|